[Event "Mittelfranken-chTB2a 1112"]
[Site "Germany"]
[Date "2012.02.05"]
[Round "6.6"]
[White "Korn, Lukas Alexander"]
[Black "Dreissig, Harry"]
[Result "1/2-1/2"]
[WhiteElo "1594"]
[BlackElo "1476"]
[PlyCount "101"]
[EventDate "2011.09.25"]
[EventType "team-tourn"]
[EventRounds "9"]
[EventCountry "GER"]
[SourceTitle "EXT 2013"]
[Source "ChessBase"]
[SourceDate "2012.11.22"]
[SourceVersion "1"]
[SourceVersionDate "2012.11.22"]
[SourceQuality "1"]
[WhiteTeam "Grossenseebach"]
[BlackTeam "Buechenbach/Roth III"]
[WhiteTeamCountry "GER"]
[BlackTeamCountry "GER"]

1. e4 e5 2. Nf3 d6 3. d4 exd4 4. Nxd4 Be7 5. Nc3 Nf6 6. Bc4 0-0 7. 0-0 c6 8. Re1 Nbd7 9. Bf4 Ne5 10. Bxe5 dxe5 11. Nf3 Qxd1 12. Raxd1 Bg4 13. Be2 Bxf3 14. Bxf3 Rad8 15. Rd3 Rxd3 16. cxd3 Bc5 17. Rd1 Rd8 18. Ne2 Bd4 19. Nxd4 Rxd4 20. Be2 g5 21. f3 Nh5 22. g3 Ng7 23. Rc1 Ne6 24. Rc4 c5 25. Kf2 Kf8 26. Rxd4 cxd4 27. Bd1 Nc5 28. Bc2 Ke7 29. b4 Ne6 30. Bb3 Nc7 31. Bc4 b5 32. Bb3 f6 33. Bg8 h6 34. Bb3 Kd6 35. Ke2 Kc6 36. Kd2 Kb6 37. Kc2 a5 38. bxa5+ Kxa5 39. a3 b4 40. axb4+ Kxb4 41. Bc4 Na8 42. Kb2 Nb6 43. Bb3 Nd7 44. Bd1 Nc5 45. Bc2 Na6 46. Bb3 Nc7 47. Bc4 Na8 48. Bd5 Nb6 49. Bb3 Nd7 50. Bd1 Nc5 51. Bc2 1/2-1/2